Ozzie and summer sun (Record no. 18565)

MARC details
000 -LÍDER
campo de controle de tamanho fixo 00365 a2200157 4500
001 - NÚMERO DE CONTROLE
campo de controle 18565
020 ## - ISBN - INTERNATIONAL STANDARD BOOK NUMBER
ISBN - International Standard Book Number 9788466810418
040 ## - FONTE DA CATALOGAÇÃO
Instituição que transcreveu o registro Anchieta - São Paulo/Itaigara
100 ## - ENTRADA PRINCIPAL--NOME PESSOAL
Nome pessoal Bentley, Marla
240 10 - TÍTULO UNIFORME
Título uniforme Ozzie and summer sun
Idioma da obra Ing
245 10 - TÍTULO
Título Ozzie and summer sun
300 ## - DESCRIÇÃO FÍSICA
Extensão 24
362 0# - DATAS DE PUBLICAÇÃO E/OU DESIGNAÇÃO SEQUENCIAL
Datas de publicação e/ou designação sequencial 2009
650 #4 - ASSUNTO--TERMO TÓPICO
Cabeçalho tópico ou nome geográfico Literatura juvenil em inglês
942 ## - ELEMENTOS DE ENTRADA ADICIONADOS (KOHA)
Tipo de material Koha Livros
Holdings
Situação do descarte Situação das perdas Situação física Não pode ser emprestado Biblioteca de origem Biblioteca atual Data de aquisição Total de empréstimos Número de chamada completo Código de barras Data de último acesso Data do preço efetivo Tipo de material Koha
        Colégio Anchieta - Pituba Colégio Anchieta - Pituba 21/11/2023   LJ 028.573 B477o BEN OZZ 23792/PIT 21/11/2023 21/11/2023 Livros
        Colégio São Paulo Colégio São Paulo 21/11/2023   LJ 028.573 BEN OZZ 183/ITA 21/11/2023 21/11/2023 Livros
        Colégio São Paulo Colégio São Paulo 21/11/2023   028.573 BEN OZZ 4980/ITA 21/11/2023 21/11/2023 Livros